000 00650nam a2200241Ia 4500
003 OSt
005 20220926004300.0
006 a|||||r|||| 00| 0
007 ta
008 220923b |||||||| |||| 00| 0 eng d
037 _cGeneral Book
040 _aRTL
_cRTL
_beng
041 _2eng
_aeng
082 _aW,31m2,N.N70, L0.71-11
110 _aRAJYA SABHA
245 0 _aRajya sabha
_b A report
260 _a New Delhi
_bRajya sabha secretariat
_c1970
300 _a284p
_ccm.
490 _v71Vol., no.11
700 _aRAJYA SABHA
942 _hW,31m2,N.N70, L0.71-11
_cGB
_2CC
999 _c610538
_d610538